000 00587nam a2200169 i 4500
001 149920
003 ES-MaACL
005 20230906203318.0
007 t|
008 071025s1967 sp ||||1| spa d
100 1 _aVander, Adrianus.
_9113059
245 1 0 _aCuras de urgencia mientras llega el medico, indispensable en todo hoga
_b: primeros auxilios para evitar graves daños o salvar la vida... /
_cA. Vander.
260 _aBarcelona :
_bAdrián Vander,
_c1967.
300 _a182 p. :
_bil. ;
_c19 cm.
650 0 4 _aPrimeros auxilios.
_916404
852 _aES-MaACL
_jC-31721
_bR.62312
999 _c149920
_d149920